Survivor Name Ladder 3 - Statistics

General Stats
  • This quiz has been taken 76 times
  • The average score is 15 of 20
Answer Stats
Picture Answer % Correct
Yul
98%
Erik
94%
Lex
94%
Amber
92%
Dawn
92%
Rudy
91%
Natalie
86%
Xander
85%
Aras
83%
Laurel
83%
Omar
77%
Kaleb
75%
Reed
71%
Noura
68%
Stephanie
62%
Bill
60%
Lydia
60%
Ryan
57%
Roger
51%
Edgardo
35%
No matching quizzes found
Score Distribution
Percent of People with Each Score
Percentile by Number Answered
Your Score History
You have not taken this quiz